=LDR 00000nam 2200000 4500 =001 INLIS000000000054935 =005 20200304080610 =035 ##$$a 0010-0320000042 =007 ta =008 200304###########################0#ind## =020 ##$$a 978-602-350-179-3 =082 ##$$a 371 =084 ##$$a 371 Sis t =245 1#$$a Temani anakku menghadapi sekolah : $b Memahami realitas dari medan belajar /$c Siswa Dewantara =300 ##$$a 336. halaman : $b Ilustrasi ; $c 24 Cm. =650 #4$$a Pendidikan anak =700 #$$a Editor : Nasrul, Mathori A. Elwa =264 ##$$a Bandung :$b Nuansa cendekia,$c 2018 =336 ##$$a teks$2 rdacontent =337 ##$$a lain-lain$2 rdamedia =338 ##$$a lain-lain$2 rdacarrier =990 ##$$a 03490349 =990 ##$$a 03490349